Brief Answers To The Big Questions (Record no. 349725)

MARC details
000 -LEADER
fixed length control field 00452nam a2200169Ia 4500
008 - FIXED-LENGTH DATA ELEMENTS--GENERAL INFORMATION
fixed length control field 230718s9999 xx 000 0 und d
020 ## - INTERNATIONAL STANDARD BOOK NUMBER
International Standard Book Number 9781473695986
041 ## - LANGUAGE CODE
Language code of text/sound track or separate title eng
082 ## - DEWEY DECIMAL CLASSIFICATION NUMBER
Classification number 500
Item number HAW
100 ## - MAIN ENTRY--PERSONAL NAME
Personal name Hawking S.
9 (RLIN) 118642
245 ## - TITLE STATEMENT
Title Brief Answers To The Big Questions
260 ## - PUBLICATION, DISTRIBUTION, ETC. (IMPRINT)
Date of publication, distribution, etc. 2018
Name of publisher, distributor, etc. John Murray
300 ## - PHYSICAL DESCRIPTION
Extent 232
365 ## - TRADE PRICE
Currency code Rs.
Price amount 650.00
700 ## - ADDED ENTRY--PERSONAL NAME
Personal name Hawking S.
9 (RLIN) 118642
906 ## - LOCAL DATA ELEMENT F, LDF (RLIN)
d O:0643001-Mar-2019B:499720-Feb-2019
c GENRL
b 143
Holdings
Withdrawn status Lost status Damaged status Not for loan Home library Current library Date acquired Vendor Budget Code Cost, normal purchase price Bill number Total Checkouts Full call number Barcode Date last seen Date last checked out Discount Cost, replacement price Bill Date Koha item type Original Barcode
        Cummins College of Engineering for Women Pune Cummins College of Engineering for Women Pune 02/03/2019 Technical Book Services GENRL 507.00 4997 5 500 CCEP-BK-60932 02/06/2025 08/05/2025 143 650.00 20/02/2019 Books 060932